| 000 | 02074ncm a2200469 c 4500 | ||
|---|---|---|---|
| 999 |
_c350582 _d350582 |
||
| 003 | BLK | ||
| 005 | 20200401173309.0 | ||
| 008 | 180414b bul |a|er|||| |0| c|bulo| | ||
| 010 | _aNOT00002132000 | ||
| 040 | _aBLK | ||
| 041 |
_aBUL _cBUL |
||
| 080 |
_aДуо валдхорна и пиано _b785.72:788.42:786.2 _z785.72:788.42:786.2 |
||
| 139 |
_aКонцерти за валдхорна и пиано от стари майстори _bК 84 |
||
| 245 | 1 | 0 |
_aКонцерти за валдхорна и пиано от стари майстори _cсъстав и клав. извл. Стоян Караиванов. |
| 257 | _aBGR | ||
| 260 |
_bМузика _c1983 _9209430 _aСофия _n978-954-405- |
||
| 300 |
_a64 с. _c33 с. |
||
| 380 | _a7 | ||
| 505 |
_rФранческо Антониа Розети. _tКонцерт № 16 в ми бемол мажор |
||
| 505 |
_rДжовани Пунто. _tКонцерт № 10 във фа мажор |
||
| 505 |
_rЯкоб Ян Риба. _tКонцерт в ми бемол мажор |
||
| 650 | 0 |
_aВалдхорна - концерти _9353188 |
|
| 653 | _aвалдхорни | ||
| 700 |
_aКараиванов, Стоян _eсъстав и клав. извл. _9403297 |
||
| 852 |
_aЦб М ІІ 9112 _p13 |
||
| 856 | 4 |
_qpdf _u |
|
| 856 | 4 |
_qpdf _u |
|
| 942 |
_cNOT _n0 _s1 |
||
| 944 |
_aCR _c31.01.2007 _kИрена_Линкова |
||
| 944 |
_aED _c28.08.2007 |
||
| 999 | _d350582 | ||
| 999 | _d308878 | ||